000 00854cam a2200229 4500
008 000000n1999 000 0 eng u
020 _a0952925214
035 _a(Sirsi) u105853
050 _a346.41032
100 _aDunn, Stewart
245 4 _aThe law of damages.
260 _aNewcastle upon Tyne
_bThe author
_c1999
300 _axi,106p. ; 22cm.
350 _a18.00
520 _aDeals with the general priniciples which apply in all claims for damages (contract and tort/delict). Chapters are included on causation, forseeability and assessment of damages. Further information and an extract from the book are available at the author's web site www.damages.freeserve.co.uk
650 _aNEGLIGENCE
650 _aLIABILITY
650 _aASSESSMENTS
690 _aLAW-UK
856 _uhttps://www.damages.freeserve.co.uk
942 _n0
999 _c100483
_d100483